000 00611nam a2200205Ii 4500
003 JO-AjNU
008 230605s9999||||xx |||||||||||||| ||und||
040 _aJO-AjNU
_bara
_erda
_cJO-AjNU
041 _aara
050 1 4 _aPJ7842.H84.K58 1984
100 3 _aتأليف الخوري،كوليت,
_eauthor
_917984
245 0 0 _aكيان
250 _aط2
264 3 1 _aدمشق:طلاس للدراسات والنشر،1984
300 _a155ص
336 _atext
_btxt
_2rdacontent
337 _aunmediated
_bn
_2rdamedia
338 _avolume
_bnc
_2rdacarrier
650 4 _aالأدب العربي - قصص
_917985
999 _aA5667
_c9235
_d9235